000 00327nam a22001457a 4500
003 OSt
005 20211117162421.0
008 211117b |||||||| |||| 00| 0 eng d
040 _cHU
100 _aDOROTHY ZIETZ
_919060
245 _aCHILD WEL FARE
260 _aNEW YORK
_bHALL
_c1959
300 _a384
942 _2ddc
_cBOOKS
_n0
999 _c18833
_d18833